000
00330nam a2200145Ia 4500
100
_a
Waite /M; Martin D/&prata/S
942
_c
BK
654
_a
Unix primer plus
245
_a
Unix primer plus
260
_b
Howard W.Sams and Co
_a
Indiana
_c
1990
082
_a
1.6425
_b
WAIT/M
300
_a
478
546
_a
ENGLISH
999
_c
22318
_d
22318